000 00718nam a22001697a 4500
003 SGT
020 _a9788171949564
082 _a657.021854,GHO
100 _aGHOSH,T.P
245 _aACCOUNTING STANDARDS AND CORPORATE ACCOUNTING PRACTICES
250 _a9TH
260 _aNEW DELHI
_bTAXMANN
_c2011
300 _a1532
650 _aACCOUNTING
653 _aFINANCIAL REPORTING FRAMEWORK, GLOBAL CONVERGENCE OF FINANCIAL REPORTING STANDERS, ACCOUNTING STANDARDS IN INDIA: AN OVERVIEW, PROFIT AND LOSS STATEMENT, PRESENTATION OF BALANCE SHEET, CURRENT NON-CURRENT CLASSIFICATION, STATEMENT OF CASE FLOWS, EARNINGS PER SHARE, INTERIM FINANCIAL REPORTING, SEGMENT REPORTING, DISCONTINUING OPERATIONS,
942 _2ddc
_cFCM
999 _c9227
_d9227